[Event "Russian Championship B13 2016"]
[Site "Loo"]
[Date "2016.04.23"]
[Round "4.29"]
[White "Gaglazov, Mikhail"]
[Black "Makhlin, Miron"]
[Result "1/2-1/2"]
[WhiteElo "1562"]
[BlackElo "1788"]
[PlyCount "118"]
[EventDate "2016.04.20"]

1. e4 c5 2. Nf3 Nc6 3. Bb5 e6 4. c4 Nge7 5. d4 cxd4 6. Nxd4 Nxd4 7. Qxd4 Nc6 8.
Bxc6 dxc6 9. Qxd8+ Kxd8 10. Bf4 Bc5 11. Nc3 Ke7 12. Ke2 f6 13. Rad1 e5 14. Be3
Bxe3 15. Kxe3 Be6 16. b3 a5 17. c5 h5 18. Rd6 g5 19. h4 Rag8 20. g3 gxh4 21.
Rxh4 Rg4 22. Rxg4 Bxg4 23. Ne2 Be6 24. f4 Rg8 25. f5 Bf7 26. Rd1 Rg4 27. Rh1
Rg8 28. Rd1 h4 29. gxh4 Rg4 30. Rh1 Bh5 31. a3 Rg2 32. Nc3 Rg3+ 33. Kd2 Rg2+
34. Ke3 Rg3+ 35. Kd2 Rg4 36. Rh2 Rg1 37. a4 Rg3 38. Kc2 Rg4 39. Kd2 Rg8 40. Ke3
Kf7 41. Kf2 Rd8 42. Ke3 Rb8 43. Rd2 Ke7 44. Rg2 Bf7 45. Rb2 b6 46. b4 bxc5 47.
b5 cxb5 48. Rxb5 Rxb5 49. axb5 c4 50. Nd5+ Bxd5 51. exd5 a4 52. b6 Kd6 53. h5
a3 54. b7 Kc7 55. b8=Q+ Kxb8 56. h6 a2 57. h7 a1=Q 58. h8=Q+ Kc7 59. Qg7+ Kc8
1/2-1/2

[Event "Russian Championship B13 2016"]
[Site "Loo"]
[Date "2016.04.23"]
[Round "4.31"]
[White "Reva, Lev"]
[Black "Subatovich, Daniil"]
[Result "0-1"]
[WhiteElo "1495"]
[BlackElo "1763"]
[PlyCount "114"]
[EventDate "2016.04.20"]

1. d4 d5 2. c4 c6 3. Nf3 Nf6 4. Bf4 a6 5. c5 Nh5 6. Bg3 Nxg3 7. hxg3 Nd7 8. e3
e5 9. Nc3 e4 10. Nd2 Nf6 11. Qb3 g6 12. Na4 Bg7 13. Nb6 Rb8 14. a4 O-O 15. Be2
Be6 16. O-O-O Nd7 17. a5 Qc7 18. Rh2 f5 19. Rdh1 Nf6 20. Nf1 Rf7 21. Qd1 Rbf8
22. b4 h6 23. Na4 Ng4 24. Bxg4 fxg4 25. Nc3 Rxf2 26. Ne2 g5 27. Nd2 R2f6 28.
Qe1 Qf7 29. Nc3 Qg6 30. Rg1 Qf5 31. Nd1 Qg6 32. Nc3 Kf7 33. Kc2 Ke7 34. Rgh1
Rh8 35. Kb2 h5 36. Nd1 Qe8 37. Ka3 Rfh6 38. Qf2 Qf7 39. Qe1 Qg6 40. Qf2 Bf6 41.
Qe2 Kd7 42. Nf2 Bd8 43. Rf1 Bc7 44. Nh1 Ke7 45. Rg1 Qg7 46. Nf1 h4 47. Qe1 Rf8
48. Kb3 Rhf6 49. Kc3 Bb8 50. Kd2 Qf7 51. Ke2 Ke8 52. Nd2 hxg3 53. Nxg3 Rf2+ 54.
Kd1 Bxg3 55. Rgh1 Rxg2 56. Qf1 Qxf1+ 57. Nxf1 Rxf1+ 0-1

[Event "Russian Championship B13 2016"]
[Site "Loo"]
[Date "2016.04.23"]
[Round "4.32"]
[White "Butorov, Lev"]
[Black "Donets, Nikolai"]
[Result "1-0"]
[WhiteElo "1571"]
[BlackElo "1295"]
[PlyCount "63"]
[EventDate "2016.04.20"]

1. e4 e5 2. Nf3 Nc6 3. Bc4 Bc5 4. b4 Bd6 5. c3 a6 6. Qb3 Nh6 7. d4 b5 8. Bxh6
bxc4 9. Qxc4 gxh6 10. dxe5 Bxe5 11. Nxe5 Nxe5 12. Qd4 Ng6 13. h4 Rg8 14. Qd5 c6
15. Qh5 Qe7 16. Nd2 d5 17. Qxh6 dxe4 18. h5 Nf8 19. Qxc6+ Qd7 20. Qxa8 f5 21.
O-O-O Kf7 22. Qb8 Ne6 23. Qe5 Qa4 24. Qxf5+ Ke7 25. Qxh7+ Rg7 26. Qxe4 Qxa2 27.
Qc2 Qa3+ 28. Qb2 Qxb2+ 29. Kxb2 Rxg2 30. h6 Nf8 31. h7 Nxh7 32. Rxh7+ 1-0

[Event "Russian Championship G15 1st league 2016"]
[Site "Loo"]
[Date "2016.04.23"]
[Round "4.1"]
[White "Pikalova, Sofya"]
[Black "Hilova, Vlada"]
[Result "1/2-1/2"]
[WhiteElo "1728"]
[BlackElo "1852"]
[PlyCount "125"]
[EventDate "2016.04.20"]

1. e4 c5 2. Nf3 g6 3. d4 cxd4 4. Nxd4 Nc6 5. Nc3 Bg7 6. Be3 Nf6 7. Bc4 O-O 8.
Bb3 d6 9. Qd2 Ng4 10. Nde2 Nxe3 11. Qxe3 Qa5 12. f3 Bd7 13. g4 Be6 14. Kf2 Ne5
15. Rag1 Nc4 16. Bxc4 Bxc4 17. a3 Rac8 18. Nd4 Qb6 19. Nb3 Bxb3 20. Qxb6 axb6
21. cxb3 Bd4+ 22. Kg3 Bxg1 23. Rxg1 e6 24. Rd1 Rfd8 25. Rd2 Kg7 26. f4 d5 27.
exd5 exd5 28. Kf3 d4 29. Ne2 d3 30. Nc3 Rc6 31. h3 Re6 32. Kf2 Kf6 33. Kf3 Ke7
34. Kf2 f5 35. g5 Rd4 36. Kf3 Re1 37. Kf2 Rh1 38. Kg2 Rc1 39. Kf2 Rc2 40. Ke3
Rxd2 41. Kxd2 Kd7 42. Ke3 Re4+ 43. Nxe4 fxe4 44. a4 Ke7 45. b4 Kf7 46. b5 Ke6
47. h4 Kd5 48. b3 Kc5 49. f5 gxf5 50. h5 f4+ 51. Kd2 Kd4 52. g6 hxg6 53. hxg6
e3+ 54. Kd1 d2 55. Kc2 f3 56. g7 f2 57. g8=Q f1=Q 58. Qg7+ Ke4 59. Qxb7+ Ke5
60. Qe7+ Kd4 61. Qg7+ Kd5 62. Qd7+ Ke4 63. Qb7+ 1/2-1/2

[Event "Russian Championship G15 1st league 2016"]
[Site "Loo"]
[Date "2016.04.23"]
[Round "4.2"]
[White "Gutkovich, Polina"]
[Black "Martysh, Darja"]
[Result "1/2-1/2"]
[WhiteElo "1776"]
[BlackElo "1614"]
[PlyCount "87"]
[EventDate "2016.04.20"]

1. e4 e5 2. Nf3 d6 3. d4 exd4 4. Nxd4 Nf6 5. Nc3 Be7 6. Be2 O-O 7. O-O Re8 8.
f3 Nbd7 9. Be3 Ne5 10. Qd2 c6 11. Rad1 d5 12. f4 Neg4 13. e5 Nxe3 14. Qxe3 Ng4
15. Qg3 Bh4 16. Qf3 Nh6 17. h3 Nf5 18. Nxf5 Bxf5 19. Bd3 Bxd3 20. Qxd3 Qb6+ 21.
Kh1 Rad8 22. b3 Qb4 23. Ne2 Qb6 24. Nd4 Qc7 25. Nf3 Be7 26. f5 Bf8 27. f6 h6
28. Qd4 a6 29. Qg4 Qd7 30. Qg3 Kh8 31. Nd4 Qc7 32. Rde1 gxf6 33. Rxf6 Bg7 34.
Ref1 Qxe5 35. Qxe5 Rxe5 36. Rxf7 Rde8 37. Nf5 Re1 38. Kg1 Rxf1+ 39. Kxf1 Rf8
40. Rxf8+ Bxf8 41. Ke2 Kg8 42. Kd3 Kf7 43. c3 Kf6 44. g4 1/2-1/2

[Event "Russian Championship G15 1st league 2016"]
[Site "Loo"]
[Date "2016.04.23"]
[Round "4.3"]
[White "Yurasova, Daria"]
[Black "Aliverdieva, Elina"]
[Result "1/2-1/2"]
[WhiteElo "1698"]
[BlackElo "1566"]
[PlyCount "105"]
[EventDate "2016.04.20"]

1. d4 Nf6 2. Bg5 g6 3. Bxf6 exf6 4. c3 Bg7 5. g3 O-O 6. Bg2 d5 7. e3 c6 8. Ne2
f5 9. O-O Nd7 10. Nd2 Nf6 11. c4 Be6 12. c5 Ne4 13. Nf4 g5 14. Nxe6 fxe6 15.
Nxe4 fxe4 16. f3 exf3 17. Rxf3 Qe7 18. Rxf8+ Rxf8 19. Qg4 e5 20. Rd1 exd4 21.
exd4 h6 22. Bh3 Qe3+ 23. Kh1 Re8 24. Qh5 Qe4+ 25. Bg2 Qe2 26. Bf3 Qe7 27. Qg6
Rf8 28. Qd3 Qf6 29. Bg2 Re8 30. Bf3 Qe6 31. Qc3 g4 32. Bg2 Qe3 33. Qxe3 Rxe3
34. h3 gxh3 35. Bxh3 Rxg3 36. Bc8 b6 37. Bb7 Rg6 38. cxb6 axb6 39. Rc1 Bxd4 40.
Bxc6 Rd6 41. Rd1 Rxc6 42. Rxd4 Rc1+ 43. Kh2 Rc2+ 44. Kh3 Rxb2 45. Rxd5 Rxa2 46.
Rd6 b5 47. Rxh6 b4 48. Rb6 Rb2 49. Kg4 b3 50. Kf4 Rb1 51. Ke4 b2 52. Kd3 Rd1+
53. Kc2 1/2-1/2

[Event "Russian Championship G15 1st league 2016"]
[Site "Loo"]
[Date "2016.04.23"]
[Round "4.4"]
[White "Badmaeva, Baina"]
[Black "Perch, Sofya"]
[Result "0-1"]
[WhiteElo "1656"]
[BlackElo "1723"]
[PlyCount "108"]
[EventDate "2016.04.20"]

1. e4 c5 2. c3 d5 3. exd5 Qxd5 4. d4 Nf6 5. Nf3 e6 6. Be2 Nc6 7. O-O Be7 8. h3
O-O 9. Be3 cxd4 10. cxd4 b6 11. Nc3 Qd8 12. Rc1 Bb7 13. Bf4 Nd5 14. Nxd5 Qxd5
15. Bc4 Qf5 16. Be3 Qg6 17. Bd3 f5 18. Qe2 a5 19. a3 Rad8 20. g3 Bf6 21. d5
exd5 22. Bxb6 Rde8 23. Qc2 Qh5 24. Kg2 d4 25. Bxf5 Ne5 26. Be4 Bxe4 27. Qxe4
Qxf3+ 28. Qxf3 Nxf3 29. Kxf3 Bd8+ 30. Kg2 Bxb6 31. Rc6 Rb8 32. f4 Rfc8 33. Rfc1
Rxc6 34. Rxc6 Kf7 35. f5 Ke7 36. Kf3 Kd7 37. Rc2 Rc8 38. Rd2 Re8 39. Kf4 Bc7+
40. Kg4 Re4+ 41. Kf3 Re3+ 42. Kf2 Bxg3+ 43. Kf1 d3 44. Rd1 Bh4 45. Kg2 Ke7 46.
b4 axb4 47. axb4 Rg3+ 48. Kh2 Rf3 49. Kg2 Rf2+ 50. Kg1 d2 51. Ra1 Re2 52. Ra7+
Kf6 53. Ra6+ Kg5 54. Ra1 Re1+ 0-1

[Event "Russian Championship G15 1st league 2016"]
[Site "Loo"]
[Date "2016.04.23"]
[Round "4.5"]
[White "Kiseleva, Elizaveta"]
[Black "Gusenkova, Karina"]
[Result "0-1"]
[WhiteElo "1542"]
[BlackElo "1431"]
[PlyCount "114"]
[EventDate "2016.04.20"]

1. e4 d6 2. d4 Nf6 3. Nc3 e5 4. Nge2 Be7 5. g3 O-O 6. Bg2 c6 7. O-O Qc7 8. f4
Nbd7 9. b3 Re8 10. Bb2 b6 11. a4 a5 12. Kh1 Ba6 13. Rc1 h6 14. f5 Ng4 15. Rf3
Bg5 16. Ra1 Ne3 17. Qb1 Nxg2 18. Kxg2 Bf6 19. d5 Bxe2 20. Nxe2 cxd5 21. exd5
Rac8 22. Rc3 Qb7 23. Qd1 Nc5 24. Rc4 Nd7 25. Rxc8 Rxc8 26. Ba3 Nc5 27. Bxc5
Rxc5 28. c4 Qd7 29. Qc2 Rc8 30. Re1 b5 31. axb5 Qxb5 32. Nc3 Qb4 33. Rb1 Be7
34. Ne4 Rb8 35. Qc3 a4 36. Qxb4 Rxb4 37. Nd2 Bg5 38. Ne4 Rxb3 39. Rxb3 axb3 40.
Kf3 b2 41. Nc3 Bd2 42. Nb1 Bb4 43. g4 g6 44. fxg6 fxg6 45. h4 h5 46. gxh5 gxh5
47. Ke4 Kg7 48. Kf5 Kh6 49. Ke4 Kg6 50. Ke3 Kf5 51. Kf3 Be1 52. Na3 Bxh4 53.
Nb1 Be1 54. Na3 Bb4 55. Nb1 h4 56. Kg2 Ke4 57. Kf2 Kd3 0-1

[Event "Russian Championship G15 1st league 2016"]
[Site "Loo"]
[Date "2016.04.23"]
[Round "4.6"]
[White "Selezneva, Ekaterina"]
[Black "Plaksina, Sofya"]
[Result "1-0"]
[WhiteElo "1750"]
[BlackElo "1630"]
[PlyCount "61"]
[EventDate "2016.04.20"]

1. e4 e5 2. Nf3 Nc6 3. d4 exd4 4. Nxd4 Bc5 5. Nb3 Bb6 6. Nc3 d6 7. Qe2 Be6 8.
Be3 Nf6 9. O-O-O Ng4 10. Bxb6 axb6 11. h3 Nf6 12. e5 Nd7 13. exd6 cxd6 14. Rxd6
Qg5+ 15. Qd2 Qe7 16. Bb5 Rc8 17. Re1 O-O 18. Rexe6 fxe6 19. Rxd7 Qf6 20. f3
Rfd8 21. Ne4 Qf8 22. Bc4 Rxd7 23. Qxd7 Qf4+ 24. Kb1 Rd8 25. Qxe6+ Kh8 26. a3
Rd1+ 27. Ka2 Qf8 28. Ng5 Qa8 29. Nf7+ Kg8 30. Nd8+ Kh8 31. Qg8# 1-0

[Event "Russian Championship G15 1st league 2016"]
[Site "Loo"]
[Date "2016.04.23"]
[Round "4.7"]
[White "Sosnina, Ekaterina"]
[Black "Surkova, Sofya"]
[Result "1-0"]
[WhiteElo "1727"]
[BlackElo "1574"]
[PlyCount "77"]
[EventDate "2016.04.20"]

1. e4 c5 2. Nf3 Nc6 3. d4 cxd4 4. Nxd4 d6 5. Nc3 Nf6 6. f3 a6 7. Bc4 e5 8. Nf5
Bxf5 9. exf5 Nd4 10. g4 b5 11. Bb3 b4 12. Ba4+ Nd7 13. Ne4 Qh4+ 14. Ng3 g6 15.
c3 bxc3 16. bxc3 Nb5 17. c4 Nc7 18. O-O h5 19. Qe2 hxg4 20. fxg4 Kd8 21. fxg6
fxg6 22. Ne4 Be7 23. Rf7 Rh7 24. Rxe7 Rxe7 25. Bg5 Qh8 26. Rd1 Ne8 27. Qf3 Qf8
28. Qxf8 Nxf8 29. Nxd6 Kc7 30. Bxe7 Nxd6 31. Bxd6+ Kb7 32. Bc2 Re8 33. Be4+ Kc8
34. Bxf8 Rxf8 35. Bxg6 Rf4 36. Bf5+ Kc7 37. Rc1 Kc6 38. h4 e4 39. h5 1-0

[Event "Russian Championship G15 1st league 2016"]
[Site "Loo"]
[Date "2016.04.23"]
[Round "4.8"]
[White "Tolkacheva, Anna"]
[Black "Egorova, Valentina S"]
[Result "1-0"]
[WhiteElo "1702"]
[BlackElo "1487"]
[PlyCount "105"]
[EventDate "2016.04.20"]

1. e4 e5 2. Nf3 Nf6 3. Nxe5 Qe7 4. Nf3 Nxe4 5. Be2 Qd8 6. d3 Nf6 7. Be3 Nc6 8.
Nbd2 Be7 9. c3 b6 10. Qc2 Bb7 11. d4 Nd5 12. O-O-O Nxe3 13. fxe3 Bf6 14. e4 g6
15. Rhf1 Qe7 16. Kb1 O-O-O 17. d5 Ne5 18. Nxe5 Bxe5 19. g3 f6 20. Nc4 d6 21.
Bg4+ Kb8 22. Be6 Bc8 23. Bxc8 Rxc8 24. Qb3 Ka8 25. Qb5 Qe8 26. Qa6 Rb8 27. a4
b5 28. axb5 Qxb5 29. Qxb5 Rxb5 30. Nxe5 fxe5 31. Rf7 Rhb8 32. Rd2 Rc5 33. Kc2
Rcb5 34. Kc1 Ra5 35. Rxc7 Ra1+ 36. Kc2 Ra2 37. Kb1 Ra4 38. Re2 Ra3 39. c4 Rc3
40. Ka2 Rc1 41. Rf2 Rd8 42. Rff7 h5 43. Rxa7+ Kb8 44. Rfb7+ Kc8 45. Rg7 Kb8 46.
Rab7+ Ka8 47. Rbd7 Re8 48. Rxd6 Rxc4 49. Rgxg6 Rxe4 50. Ra6+ Kb8 51. Rgb6+ Kc7
52. d6+ Kd7 53. Ra7+ 1-0

[Event "Russian Championship G15 1st league 2016"]
[Site "Loo"]
[Date "2016.04.23"]
[Round "4.9"]
[White "Turko, Anastasia"]
[Black "Polyanskaya, Elizaveta"]
[Result "0-1"]
[WhiteElo "1612"]
[BlackElo "1701"]
[PlyCount "120"]
[EventDate "2016.04.20"]

1. d4 d5 2. c4 e6 3. Nc3 Nf6 4. Nf3 Nbd7 5. cxd5 exd5 6. e3 c6 7. Bd3 Bd6 8.
O-O O-O 9. b3 Re8 10. Qc2 h6 11. Bb2 Nf8 12. h3 Ne6 13. Na4 Qc7 14. Rac1 Bd7
15. Ne5 Rac8 16. Nxd7 Nxd7 17. Nc3 Nf6 18. f4 Nh5 19. Qf2 Nexf4 20. Nb5 Qd7 21.
Nxd6 Nxd3 22. Qc2 Qxd6 23. Qxd3 Nf6 24. Rce1 Ne4 25. Rf3 Ng5 26. Rf2 Qg3 27.
Qf5 Rcd8 28. Rfe2 g6 29. Qg4 Qxg4 30. hxg4 Re4 31. Kh2 Rxg4 32. b4 h5 33. Ba3
Re4 34. Bc1 a6 35. a4 Rde8 36. b5 axb5 37. axb5 Ne6 38. bxc6 bxc6 39. Bb2 Nf4
40. Rc2 Nd3 41. Rb1 R8e6 42. Bc1 Nxc1 43. Rbxc1 Rxe3 44. Rxc6 Rxc6 45. Rxc6 Rd3
46. Rd6 Rxd4 47. Kg3 Rg4+ 48. Kf3 d4 49. g3 Kf8 50. Rd7 Kg7 51. Rd6 Kf8 52. Rd7
Ke8 53. Ra7 Rg5 54. Ra4 Rd5 55. Ke4 Rd7 56. Rxd4 Rxd4+ 57. Kxd4 f6 58. Ke4 Ke7
59. Kd5 Kd7 60. Kd4 Kd6 0-1

[Event "Russian Championship G15 1st league 2016"]
[Site "Loo"]
[Date "2016.04.23"]
[Round "4.10"]
[White "Tsvetkova, Vladislava"]
[Black "Burnyasheva, Elena"]
[Result "1/2-1/2"]
[WhiteElo "1570"]
[BlackElo "1664"]
[PlyCount "99"]
[EventDate "2016.04.20"]

1. e4 c5 2. Nf3 e6 3. d4 cxd4 4. Nxd4 a6 5. Nc3 Qc7 6. g3 Bb4 7. Bd2 Nf6 8. Bg2
Nc6 9. Nxc6 bxc6 10. O-O Be7 11. g4 d6 12. h3 O-O 13. Kh1 Rb8 14. b3 e5 15. f4
exf4 16. Bxf4 Nd7 17. Qd2 Ne5 18. Rad1 Be6 19. Ne2 Rbd8 20. c4 a5 21. Nd4 Bc8
22. Nf5 Bxf5 23. exf5 a4 24. Qe3 axb3 25. axb3 Rb8 26. Bxe5 dxe5 27. f6 Bxf6
28. Rxf6 gxf6 29. Qh6 f5 30. Qg5+ Kh8 31. Qf6+ Kg8 32. Qxf5 Rbd8 33. Qg5+ Kh8
34. Qf6+ Kg8 35. Rf1 Qd6 36. Qg5+ Qg6 37. Qxe5 Rfe8 38. Qc5 Rd3 39. b4 Ree3 40.
Ra1 Rxh3+ 41. Kg1 Rhe3 42. Ra8+ Kg7 43. Qf8+ Kf6 44. Ra1 Kg5 45. b5 cxb5 46.
cxb5 Qb6 47. Qg7+ Kh4 48. Qxh7+ Kxg4 49. Qg7+ Qg6 50. Qb2 1/2-1/2

[Event "Russian Championship G15 1st league 2016"]
[Site "Loo"]
[Date "2016.04.23"]
[Round "4.11"]
[White "Nikolaeva, Ksenya"]
[Black "Khairullina, Gulshat"]
[Result "1-0"]
[WhiteElo "1660"]
[BlackElo "1157"]
[PlyCount "153"]
[EventDate "2016.04.20"]

1. d4 d5 2. c4 e6 3. Nc3 Nf6 4. Bg5 Be7 5. Nf3 h6 6. Bh4 Nc6 7. e3 O-O 8. Bd3
Nb4 9. Be2 Nh7 10. Bxe7 Qxe7 11. a3 Nc6 12. cxd5 exd5 13. Nxd5 Qd6 14. Nc3 Qg6
15. Nh4 Qg5 16. g3 Bh3 17. Bf3 Qf6 18. Bg2 Bxg2 19. Nxg2 Ng5 20. Nf4 Ne7 21.
O-O Ne6 22. Nxe6 Qxe6 23. Rc1 c6 24. Na4 Qh3 25. Nc5 b6 26. Nd3 Rac8 27. Nf4
Qf5 28. Qc2 Qd7 29. Qe2 Nd5 30. Nd3 f6 31. Rc2 Rfe8 32. Rfc1 Re6 33. Qg4 Rce8
34. Rxc6 h5 35. Qf5 R6e7 36. Qxd7 Rxd7 37. Nf4 Nxf4 38. gxf4 Kf7 39. Rc7 Ree7
40. Rxd7 Rxd7 41. Kg2 Ke6 42. Kg3 Kd5 43. Rc8 Ke4 44. Rc3 g6 45. f3+ Kd5 46. b3
a5 47. Rc4 Rd6 48. e4+ Ke6 49. Rc7 Rxd4 50. Rc6+ Rd6 51. Rxd6+ Kxd6 52. Kf2 b5
53. Ke3 Kc5 54. Kd3 h4 55. h3 Kc6 56. Kd4 Kd6 57. e5+ fxe5+ 58. fxe5+ Ke6 59.
Ke4 g5 60. f4 gxf4 61. Kxf4 Ke7 62. Kg4 Ke6 63. Kxh4 Kxe5 64. Kg5 Kd4 65. h4
Kc3 66. b4 a4 67. h5 Kb3 68. h6 Kxa3 69. h7 Kxb4 70. h8=Q Kb3 71. Kf4 b4 72.
Ke3 Ka2 73. Kd2 a3 74. Kc1 b3 75. Qg8 Ka1 76. Qxb3 a2 77. Qb2# 1-0

[Event "Russian Championship G15 1st league 2016"]
[Site "Loo"]
[Date "2016.04.23"]
[Round "4.12"]
[White "Kolesnikova, Kseniya"]
[Black "Fairuzova, Zulfiiya"]
[Result "0-1"]
[WhiteElo "1526"]
[BlackElo "1659"]
[PlyCount "72"]
[EventDate "2016.04.20"]

1. b4 e5 2. Bb2 d6 3. e3 Be6 4. Nf3 Nf6 5. Be2 Be7 6. O-O O-O 7. c4 h6 8. a3 a5
9. b5 Nbd7 10. d4 exd4 11. Nxd4 Nc5 12. Nxe6 fxe6 13. Nd2 Nfd7 14. Nf3 Bf6 15.
Nd4 Qe7 16. Qc2 Nb6 17. Rac1 Nba4 18. Ba1 Nb6 19. Rfd1 Nbd7 20. Bd3 Nxd3 21.
Qxd3 Nc5 22. Qc2 Qf7 23. f3 Bg5 24. Qe2 e5 25. Nc2 Rae8 26. Rb1 b6 27. e4 Ne6
28. Bc3 Nf4 29. Qf1 Qg6 30. Ne3 Nh3+ 31. Kh1 Bxe3 32. gxh3 Qh5 33. Rd3 Rxf3 34.
Qg2 Ref8 35. Bb2 Rf2 36. Qg4 Rf1+ 0-1

[Event "Russian Championship G15 1st league 2016"]
[Site "Loo"]
[Date "2016.04.23"]
[Round "4.13"]
[White "Malko, Polina"]
[Black "Malozemova, Darya"]
[Result "0-1"]
[WhiteElo "1506"]
[BlackElo "1643"]
[PlyCount "88"]
[EventDate "2016.04.20"]

1. Nf3 f5 2. g3 Nf6 3. Bg2 e6 4. O-O d5 5. d4 Bd6 6. c4 c6 7. Nc3 O-O 8. b3
Nbd7 9. Bb2 Ne4 10. Nd2 Ndf6 11. f3 Nxc3 12. Bxc3 f4 13. Qe1 fxg3 14. hxg3 Nh5
15. f4 Rf6 16. e4 Rg6 17. e5 Nxg3 18. Rf3 Be7 19. Rxg3 Bh4 20. Nf1 Bxg3 21.
Nxg3 Qh4 22. Ne2 Qg4 23. Qf2 h5 24. Kf1 h4 25. Ng1 Bd7 26. Bh3 Qh5 27. Be1 Rh6
28. Bd2 Rh7 29. Re1 Rf8 30. f5 exf5 31. e6 Be8 32. e7 Rf7 33. cxd5 cxd5 34. Re5
g6 35. Bb4 Qg5 36. Rxd5 Qc1+ 37. Qe1 Qf4+ 38. Qf2 Qc7 39. Rd8 Rxe7 40. Bxe7
Rxe7 41. Rd5 Qc1+ 42. Kg2 Bc6 43. Kh2 Bxd5 44. Qxh4 Qd2+ 0-1

[Event "Russian Championship G15 1st league 2016"]
[Site "Loo"]
[Date "2016.04.23"]
[Round "4.15"]
[White "Khomyak, Aleksandra"]
[Black "Polomoshnova, Mariya"]
[Result "0-1"]
[WhiteElo "1612"]
[BlackElo "1481"]
[PlyCount "74"]
[EventDate "2016.04.20"]

1. d4 d5 2. Nf3 Nf6 3. Bg5 Ne4 4. Bf4 c5 5. c3 Qb6 6. Qb3 c4 7. Qc2 Bf5 8. Nfd2
Ng3 9. e4 Nxe4 10. Nxe4 Bxe4 11. Qc1 Nc6 12. Nd2 Bg6 13. Be2 e6 14. O-O Qd8 15.
b3 cxb3 16. axb3 Rc8 17. Qd1 Bd6 18. Bxd6 Qxd6 19. Nb1 a6 20. Na3 O-O 21. Nc2
Bxc2 22. Qxc2 Nxd4 23. Qd3 Nxe2+ 24. Qxe2 Rxc3 25. Qb2 Qb4 26. Rfb1 Rfc8 27. h3
h6 28. Ra4 Qb6 29. Ra2 d4 30. b4 d3 31. Qd2 Rc2 32. Rxc2 Rxc2 33. Qf4 e5 34.
Qf3 d2 35. Rd1 Rc1 36. Kh2 Rxd1 37. Qxd1 Qxf2 0-1

[Event "Russian Championship G15 1st league 2016"]
[Site "Loo"]
[Date "2016.04.23"]
[Round "4.16"]
[White "Minko, Olga"]
[Black "Sakharova, Veronika"]
[Result "1-0"]
[WhiteElo "1446"]
[BlackElo "1612"]
[PlyCount "69"]
[EventDate "2016.04.20"]

1. e4 e5 2. Nf3 Nc6 3. Nc3 Nf6 4. d4 exd4 5. Nxd4 Bb4 6. Nxc6 bxc6 7. Bd3 O-O
8. O-O d5 9. exd5 cxd5 10. Bg5 Be7 11. Bxf6 Bxf6 12. Qh5 g6 13. Qxd5 Bd7 14.
Rfd1 Be6 15. Qa5 Qe7 16. Re1 Bd4 17. Rab1 Qh4 18. Ne4 f5 19. Ng3 f4 20. Ne4 Rf5
21. Qa6 Bb6 22. Bc4 Bxc4 23. Qxc4+ Kg7 24. Qc3+ Kg8 25. Qc4+ Kg7 26. Qc3+ Kg8
27. Qc6 Raf8 28. Qe6+ Kg7 29. Rbd1 f3 30. Rd7+ Kh6 31. Ng3 Bxf2+ 32. Kxf2 fxg2+
33. Kg1 Qh3 34. Qe3+ Rf4 35. Rd4 1-0

[Event "Russian Championship G15 1st league 2016"]
[Site "Loo"]
[Date "2016.04.23"]
[Round "4.19"]
[White "Schegoleva, Sofia"]
[Black "Terkina, Yulia"]
[Result "0-1"]
[WhiteElo "1501"]
[BlackElo "1459"]
[PlyCount "122"]
[EventDate "2016.04.20"]

1. e4 e6 2. Qe2 b6 3. g3 Bb7 4. Bg2 d5 5. e5 c5 6. d3 Nc6 7. Nf3 Nge7 8. h4 Qc7
9. O-O Nf5 10. Bf4 Nfd4 11. Qd2 Nxf3+ 12. Bxf3 Nxe5 13. Bg2 Bd6 14. d4 Nd7 15.
Bxd6 Qxd6 16. Nc3 Ba6 17. Rfe1 O-O 18. f4 cxd4 19. Qxd4 Qc5 20. Qf2 Qxf2+ 21.
Kxf2 Rfd8 22. f5 Re8 23. fxe6 fxe6 24. Nxd5 exd5 25. Bxd5+ Kf8 26. Bxa8 Rxa8
27. Rad1 Nf6 28. Rd4 Bb5 29. Re5 Bd7 30. Re3 Ng4+ 31. Rxg4 Bxg4 32. Re4 Bd1 33.
Rf4+ Kg8 34. c3 Re8 35. Kg1 Re1+ 36. Rf1 Rxf1+ 37. Kxf1 Kf7 38. Kf2 Kf6 39. a3
Kf5 40. Ke3 Kg4 41. Kf2 b5 42. Ke1 Bb3 43. Kf2 Bd5 44. Ke3 Kxg3 45. Kd4 Kxh4
46. Kxd5 g5 47. a4 g4 48. axb5 g3 49. c4 g2 50. c5 g1=Q 51. c6 Qg3 52. Ke6 Qc7
53. Kd5 Kg5 54. b4 h5 55. b6 axb6 56. Kc4 Qxc6+ 57. Kb3 Kf4 58. Ka3 Ke3 59. Kb3
Kd3 60. Ka3 Kc2 61. b5 Qxb5 0-1

[Event "Russian Championship G15 1st league 2016"]
[Site "Loo"]
[Date "2016.04.23"]
[Round "4.20"]
[White "Bezenkina, Ekaterina"]
[Black "Alekseenko, Aleksandra"]
[Result "0-1"]
[WhiteElo "1413"]
[BlackElo "1542"]
[PlyCount "140"]
[EventDate "2016.04.20"]

1. e4 c5 2. Nf3 e6 3. c3 d5 4. exd5 Qxd5 5. d4 cxd4 6. cxd4 Nf6 7. Nc3 Qd8 8.
Bb5+ Bd7 9. Bxd7+ Nbxd7 10. O-O Be7 11. Bf4 O-O 12. Re1 Nb6 13. Ne5 Nbd5 14.
Bg5 Nxc3 15. bxc3 Nd5 16. Bxe7 Qxe7 17. Rc1 Qa3 18. Qb3 Qxb3 19. axb3 Rfc8 20.
c4 Nb4 21. Re3 Nd5 22. Rg3 b5 23. c5 Ne7 24. b4 Nf5 25. Rd3 f6 26. Nf3 Rd8 27.
Rcd1 Rd5 28. Kf1 Rad8 29. Ke2 Ne7 30. Kd2 e5 31. Kc3 e4 32. Re3 exf3 33. Rxe7
fxg2 34. Rg1 Rxd4 35. Rxg2 Rd3+ 36. Kc2 Rd2+ 37. Kc1 g6 38. Rxa7 R2d4 39. Rc7
Rxb4 40. c6 Rc4+ 41. Kb2 Rd6 42. Rc8+ Kg7 43. Rc7+ Kh6 44. Rg3 Rdxc6 45. Rh3+
Kg5 46. Rxc6 Rxc6 47. Rxh7 Rc4 48. Rh3 Rf4 49. Rg3+ Kf5 50. f3 Rh4 51. h3 g5
52. Kc3 Kf4 53. Rg1 Rxh3 54. Rb1 Rxf3+ 55. Kd4 g4 56. Rxb5 g3 57. Rb6 Kg4 58.
Rb8 g2 59. Rg8+ Kh3 60. Ke4 Rf1 61. Rh8+ Kg3 62. Rg8+ Kf2 63. Rg6 g1=Q 64.
Rxf6+ Ke2 65. Ra6 Qe3+ 66. Kd5 Rd1+ 67. Kc6 Qc3+ 68. Kb7 Rb1+ 69. Rb6 Rxb6+ 70.
Kxb6 Kd3 0-1

[Event "Russian Championship G15 1st league 2016"]
[Site "Loo"]
[Date "2016.04.23"]
[Round "4.21"]
[White "Usarova, Evita"]
[Black "Belova, Kseniya"]
[Result "1-0"]
[WhiteElo "1545"]
[BlackElo "1355"]
[PlyCount "41"]
[EventDate "2016.04.20"]

1. e4 e5 2. Nf3 Nc6 3. d4 exd4 4. Bc4 Nf6 5. O-O Nxe4 6. Re1 d5 7. Bxd5 Qxd5 8.
Nc3 Qf5 9. Nxe4 Be6 10. Nxd4 Nxd4 11. Qxd4 Rd8 12. Qc3 Qg4 13. Bg5 Rd5 14. Bf6
a5 15. Qxc7 Bb4 16. c3 Bf8 17. Qb8+ Kd7 18. Qxb7+ Ke8 19. Qc6+ Rd7 20. Qc8+ Rd8
21. Qxd8# 1-0

[Event "Russian Championship G15 1st league 2016"]
[Site "Loo"]
[Date "2016.04.23"]
[Round "4.22"]
[White "Moiseeva, Polina"]
[Black "Maltsevskaya, Anna"]
[Result "1-0"]
[WhiteElo "1485"]
[BlackElo "1326"]
[PlyCount "113"]
[EventDate "2016.04.20"]

1. e4 e5 2. Nf3 Nc6 3. d4 d6 4. d5 Nce7 5. Nc3 Nf6 6. h3 c6 7. dxc6 Nxc6 8. Bc4
Be7 9. O-O O-O 10. Be3 Na5 11. Qe2 Qc7 12. Bb3 Nxb3 13. axb3 Qc6 14. Bg5 h6 15.
Nd5 Nxd5 16. exd5 Qc7 17. Bxe7 Qxe7 18. c4 f5 19. Nd2 e4 20. f3 e3 21. f4 Re8
22. Nb1 Bd7 23. Nc3 a6 24. Rf3 Qf6 25. Rd1 Qh4 26. Rd3 b5 27. Rdxe3 Rxe3 28.
Qxe3 bxc4 29. bxc4 Re8 30. Qf2 Re1+ 31. Kh2 Qe7 32. b3 g5 33. b4 gxf4 34. Rxf4
Qe5 35. Qg3+ Kf7 36. Rf3 Qd4 37. Qxe1 Qxc4 38. Qe3 Qxb4 39. Qxh6 a5 40. Qh7+
Ke8 41. Qg8+ Ke7 42. Re3+ Kf6 43. Qf8+ Kg5 44. Rg3+ Kf4 45. Ne2+ Ke5 46. Qe7+
Kxd5 47. Qxd7 a4 48. Qxf5+ Kc6 49. Rc3+ Kb6 50. Qc8 a3 51. Qb8+ Ka5 52. Qa8+
Kb5 53. Qxa3 Qe4 54. Qb2+ Qb4 55. Nd4+ Ka4 56. Qa1+ Qa3 57. Qxa3# 1-0